书目信息 |
| 题名: |
测绘地理信息发展战略研究报告
|
|
| 作者: | 王春峰 主编 ;测绘地理信息发展战略研究课题组 编 | |
| 分册: | ||
| 出版信息: | 北京 测绘出版社 2012 |
|
| 页数: | 262页 | |
| 开本: | 24cm | |
| 丛书名: | ||
| 单 册: | ||
| 中图分类: | P208.2 | |
| 科图分类: | ||
| 主题词: | 测绘--地理信息系统--发展战略--研究报告--中国 , 测绘 , 地理信息系统 , 发展战略 | |
| 电子资源: | ||
| ISBN: | 978-7-5030-2726-0 | |
| 000 | 01240nam0 2200289 450 | |
| 001 | 2357798619 | |
| 005 | 20231217160341.13 | |
| 010 | @a978-7-5030-2726-0@d75.00CNY | |
| 100 | @a20130304d2012 em y0chiy0120 ea | |
| 101 | 0 | @achi |
| 102 | @aCN@b110000 | |
| 105 | @ay z 000yy | |
| 200 | 1 | @a测绘地理信息发展战略研究报告@Ace hui di li xin xi fa zhan zhan lve yan jiu bao gao@b专著@f测绘地理信息发展战略研究课题组编 |
| 210 | @a北京@c测绘出版社@d2012 | |
| 215 | @a262页@d24cm | |
| 300 | @a测绘地理信息发展战略文库 | |
| 314 | @a主编:王春峰 | |
| 330 | @a本书共分12章,内容包括:测绘地理信息发展战略背景、测绘地理信息总体发展思路、基础地理信息资源建设、地理国情监测、测绘地理信息公共服务、地理信息产业发展、信息化测绘装备能力建设、测绘地理信息科技创新、测绘地理信息管理体制机制建设、测绘地理信息人才队伍建设、测绘地理信息文化建设、测绘地理信息发展战略保障。 | |
| 606 | 0 | @a测绘@x地理信息系统@x发展战略@x研究报告@y中国 |
| 606 | 0 | @a测绘 |
| 606 | 0 | @a地理信息系统 |
| 606 | 0 | @a发展战略 |
| 690 | @aP208.2@v5 | |
| 701 | 0 | @a王春峰@Awang chun feng@f(1959 )@4主编 |
| 712 | 02 | @a测绘地理信息发展战略研究课题组@Ace hui di li xin xi fa zhan zhan lve yan jiu ke ti zu@4编 |
| 801 | 2 | @aCN@b辽宁北配@c20231205 |
| 905 | @aBZT@dP208.2@e6 | |
| 测绘地理信息发展战略研究报告/测绘地理信息发展战略研究课题组编.-北京:测绘出版社,2012 |
| 262页;24cm |
| 测绘地理信息发展战略文库 |
| ISBN 978-7-5030-2726-0:75.00CNY |
| 本书共分12章,内容包括:测绘地理信息发展战略背景、测绘地理信息总体发展思路、基础地理信息资源建设、地理国情监测、测绘地理信息公共服务、地理信息产业发展、信息化测绘装备能力建设、测绘地理信息科技创新、测绘地理信息管理体制机制建设、测绘地理信息人才队伍建设、测绘地理信息文化建设、测绘地理信息发展战略保障。 |
| ● |
| 相关链接 |
|
|
|
正题名:测绘地理信息发展战略研究报告
索取号:P208.2/6
 
预约/预借
| 序号 | 登录号 | 条形码 | 馆藏地/架位号 | 状态 | 备注 |
| 1 | 2001611358 | 2001611358 | 辽三/辽宁北配(第三批)/2393/ [索取号:P208.2/6] | 在馆 | |
| 2 | 2001611359 | 2001611359 | 辽三/辽宁北配(第三批)/2393/ [索取号:P208.2/6] | 在馆 | |
| 3 | 2001611360 | 2001611360 | 辽三/辽宁北配(第三批)/2393/ [索取号:P208.2/6] | 在馆 | |
| 4 | 2001611361 | 2001611361 | 辽三/辽宁北配(第三批)/2393/ [索取号:P208.2/6] | 在馆 | |
| 5 | 2001611362 | 2001611362 | 辽三/辽宁北配(第三批)/2393/ [索取号:P208.2/6] | 在馆 | |
| 6 | 2001611363 | 2001611363 | 辽三/辽宁北配(第三批)/2393/ [索取号:P208.2/6] | 在馆 | |
| 7 | 2001611364 | 2001611364 | 辽三/辽宁北配(第三批)/2393/ [索取号:P208.2/6] | 在馆 | |
| 8 | 2001611365 | 2001611365 | 辽三/辽宁北配(第三批)/2393/ [索取号:P208.2/6] | 在馆 | |
| 9 | 2001611366 | 2001611366 | 辽三/辽宁北配(第三批)/2393/ [索取号:P208.2/6] | 在馆 | |
| 10 | 2001611367 | 2001611367 | 辽三/辽宁北配(第三批)/2393/ [索取号:P208.2/6] | 在馆 | |
| 11 | 2001611368 | 2001611368 | 辽三/辽宁北配(第三批)/2393/ [索取号:P208.2/6] | 在馆 | |
| 12 | 2001611369 | 2001611369 | 辽三/辽宁北配(第三批)/2393/ [索取号:P208.2/6] | 在馆 | |
| 13 | 2001611370 | 2001611370 | 辽三/辽宁北配(第三批)/2393/ [索取号:P208.2/6] | 在馆 | |
| 14 | 2001611371 | 2001611371 | 辽三/辽宁北配(第三批)/2393/ [索取号:P208.2/6] | 在馆 | |
| 15 | 2001611372 | 2001611372 | 辽三/辽宁北配(第三批)/2393/ [索取号:P208.2/6] | 在馆 | |
| 16 | 2001611373 | 2001611373 | 辽三/辽宁北配(第三批)/2393/ [索取号:P208.2/6] | 在馆 | |
| 17 | 2001611374 | 2001611374 | 辽三/辽宁北配(第三批)/2393/ [索取号:P208.2/6] | 在馆 | |
| 18 | 2001611375 | 2001611375 | 辽三/辽宁北配(第三批)/2393/ [索取号:P208.2/6] | 在馆 | |
| 19 | 2001611376 | 2001611376 | 辽三/辽宁北配(第三批)/2393/ [索取号:P208.2/6] | 在馆 | |
| 20 | 2001611377 | 2001611377 | 辽三/辽宁北配(第三批)/2393/ [索取号:P208.2/6] | 在馆 | |
| 21 | 2001611453 | 2001611453 | 辽三/辽宁北配(第三批)/2395/ [索取号:P208.2/6] | 在馆 | |
| 22 | 2001611454 | 2001611454 | 辽三/辽宁北配(第三批)/2395/ [索取号:P208.2/6] | 在馆 | |
| 23 | 2001611455 | 2001611455 | 辽三/辽宁北配(第三批)/2395/ [索取号:P208.2/6] | 在馆 | |
| 24 | 2001611456 | 2001611456 | 辽三/辽宁北配(第三批)/2395/ [索取号:P208.2/6] | 在馆 | |
| 25 | 2001611457 | 2001611457 | 辽三/辽宁北配(第三批)/2395/ [索取号:P208.2/6] | 在馆 | |
| 26 | 2001611458 | 2001611458 | 辽三/辽宁北配(第三批)/2395/ [索取号:P208.2/6] | 在馆 | |
| 27 | 2001611459 | 2001611459 | 辽三/辽宁北配(第三批)/2395/ [索取号:P208.2/6] | 在馆 | |
| 28 | 2001611460 | 2001611460 | 辽三/辽宁北配(第三批)/2395/ [索取号:P208.2/6] | 在馆 | |
| 29 | 2001611461 | 2001611461 | 辽三/辽宁北配(第三批)/2395/ [索取号:P208.2/6] | 在馆 | |
| 30 | 2001611462 | 2001611462 | 辽三/辽宁北配(第三批)/2395/ [索取号:P208.2/6] | 在馆 |